[Event "Tetraktys Concept Mgmt"]
[Site "Europe Echecs INT"]
[Date "2021.06.06"]
[Round "1"]
[White "Hucault, Christophe"]
[Black "Pour Agha Bala, Amirreza"]
[Result "0-1"]
[WhiteElo "1612"]
[BlackElo "2432"]
[PlyCount "50"]
[EventDate "2021.06.06"]
[EventType "swiss (blitz)"]
[EventRounds "11"]
[EventCountry "FRA"]
[SourceTitle "CBM 202 Extra"]
[Source "ChessBase"]
[SourceDate "2021.07.31"]
[SourceVersion "1"]
[SourceVersionDate "2021.07.31"]
[SourceQuality "1"]

1. d4 Nf6 2. Bf4 g6 3. e3 d5 4. Be2 Bg7 5. Nf3 0-0 6. Nbd2 c5 7. c3 Nc6 8. h3 Re8 9. 0-0 Nd7 10. Re1 e5 11. dxe5 Ndxe5 12. Bh2 Be6 13. Bb5 a6 14. Bxc6 Nxc6 15. Nb3 Qe7 16. Rc1 Rad8 17. Qe2 b5 18. Nbd2 h5 19. Bf4 Bf6 20. e4 g5 21. Be3 g4 22. hxg4 Bxg4 23. exd5 Ne5 24. Ne4 Rxd5 25. Nxf6+ Qxf6 0-1

[Event "Europe Echecs Blitz May op"]
[Site "Europe Echecs INT"]
[Date "2021.05.09"]
[Round "5"]
[White "Fischler, Oscar"]
[Black "Hucault, Christophe"]
[Result "1-0"]
[WhiteElo "1866"]
[BlackElo "1612"]
[PlyCount "65"]
[EventDate "2021.05.09"]
[EventType "swiss (blitz)"]
[EventRounds "11"]
[EventCountry "FRA"]
[SourceTitle "CBM 202 Extra"]
[Source "ChessBase"]
[SourceDate "2021.07.31"]
[SourceVersion "1"]
[SourceVersionDate "2021.07.31"]
[SourceQuality "1"]

1. Nf3 Nf6 2. g3 g6 3. Bg2 Bg7 4. 0-0 0-0 5. d4 e6 6. c4 c5 7. d5 exd5 8. cxd5 d6 9. Nc3 a6 10. a4 Bg4 11. h3 Bxf3 12. Bxf3 Re8 13. e4 Nbd7 14. Bg2 Ne5 15. f4 Ned7 16. a5 Kh8 17. Qd3 Qc7 18. Be3 c4 19. Qe2 Nh5 20. Kh2 Nc5 21. Qxc4 Bxc3 22. Qxc3+ Ng7 23. Bd4 Rg8 24. b4 Nce6 25. dxe6 Qxc3 26. Bxc3 fxe6 27. Rfd1 Rgc8 28. Rac1 Kg8 29. Bxg7 Kxg7 30. Rxc8 Rxc8 31. Rxd6 Kf6 32. Rd7 Rb8 33. Rxb7 1-0

[Event "C'Chartres Blitz op April"]
[Site "Europe Echecs INT"]
[Date "2021.04.10"]
[Round "2"]
[White "Hucault, Christophe"]
[Black "Socie, Pierre"]
[Result "0-1"]
[WhiteElo "1612"]
[BlackElo "1200"]
[PlyCount "66"]
[EventDate "2021.04.10"]
[EventType "swiss (blitz)"]
[EventRounds "11"]
[EventCountry "FRA"]
[SourceTitle "CBM 201 Extra"]
[Source "ChessBase"]
[SourceDate "2021.05.31"]
[SourceVersion "1"]
[SourceVersionDate "2021.05.31"]
[SourceQuality "1"]

1. d4 Nf6 2. Bf4 g6 3. e3 d6 4. Be2 Bg7 5. Nf3 Nbd7 6. h3 0-0 7. Nbd2 Nd5 8. Bh2 Re8 9. 0-0 e5 10. c4 Nb4 11. a3 Na6 12. b4 exd4 13. Nxd4 c5 14. bxc5 dxc5 15. Nb5 Bxa1 16. Qxa1 Nf6 17. Nf3 Bf5 18. Rd1 Nd7 19. Nd6 Re6 20. g4 Bc2 21. Rd2 Ba4 22. h4 Qf6 23. Qb1 b6 24. Ng5 Rf8 25. Nxe6 fxe6 26. f4 Qxh4 27. Ne4 e5 28. Rxd7 Bxd7 29. Bg3 Qh3 30. Bf1 Qxg4 31. Qd3 exf4 32. Qd5+ Be6 33. Qd2 fxg3 0-1

[Event "Cappelle Online Blitz op"]
[Site "Europe Echecs INT"]
[Date "2021.03.07"]
[Round "11"]
[White "Hucault, Christophe"]
[Black "Chomienne, Pierre Jerome"]
[Result "1-0"]
[WhiteElo "1612"]
[BlackElo "1209"]
[PlyCount "105"]
[EventDate "2021.03.07"]
[EventType "swiss (blitz)"]
[EventRounds "11"]
[EventCountry "FRA"]
[SourceTitle "CBM 201 Extra"]
[Source "ChessBase"]
[SourceDate "2021.05.31"]
[SourceVersion "1"]
[SourceVersionDate "2021.05.31"]
[SourceQuality "1"]

1. d4 d5 2. Bf4 Nf6 3. e3 c5 4. Nf3 Bg4 5. Nbd2 cxd4 6. exd4 e6 7. Be2 Bxf3 8. Bxf3 Bd6 9. Bg5 Be7 10. 0-0 0-0 11. c3 Nc6 12. Qb3 Qb6 13. Qxb6 axb6 14. a3 h6 15. Bh4 g5 16. Bg3 Rfe8 17. Bc7 Bd8 18. Bg3 b5 19. Nb3 Be7 20. Be2 Na5 21. Nxa5 Rxa5 22. b4 Raa8 23. Bxb5 Rec8 24. Rfc1 Ne4 25. Bd7 Rxc3 26. Rxc3 Nxc3 27. Bc7 Ne2+ 28. Kf1 Nxd4 29. Bb6 Nc2 30. Rc1 Nxa3 31. Rc8+ Rxc8 32. Bxc8 Bxb4 33. Bxb7 Nc2 34. Ke2 d4 35. Kd3 Na3 36. Kxd4 Nc2+ 37. Ke4 Kg7 38. h3 f5+ 39. Ke5 Bc3+ 40. Kxe6 f4 41. Kf5 Bd2 42. f3 Ne1 43. Bd4+ Kf7 44. Bd5+ Ke8 45. Kg6 Nxg2 46. Kxh6 Ne1 47. Kxg5 Ng2 48. h4 Kf8 49. h5 Be3 50. Bf6 Bc5 51. h6 Ne3 52. h7 Nxd5 53. h8Q+ 1-0

[Event "Cappelle Online Blitz op"]
[Site "Europe Echecs INT"]
[Date "2021.03.07"]
[Round "6"]
[White "Hucault, Christophe"]
[Black "Couche, Didier"]
[Result "1/2-1/2"]
[WhiteElo "1612"]
[BlackElo "1947"]
[PlyCount "107"]
[EventDate "2021.03.07"]
[EventType "swiss (blitz)"]
[EventRounds "11"]
[EventCountry "FRA"]
[SourceTitle "CBM 201 Extra"]
[Source "ChessBase"]
[SourceDate "2021.05.31"]
[SourceVersion "1"]
[SourceVersionDate "2021.05.31"]
[SourceQuality "1"]

1. d4 d5 2. Bf4 Nf6 3. e3 c6 4. Nf3 Bf5 5. h3 h6 6. Nbd2 e6 7. c3 Bd6 8. Qb3 Bxf4 9. exf4 Qc7 10. g3 Nbd7 11. Bg2 Bd3 12. Rc1 Ne4 13. Nxe4 Bxe4 14. 0-0 0-0 15. c4 dxc4 16. Qxc4 Bd5 17. Qc2 Qb6 18. b3 Rfd8 19. Rcd1 Rac8 20. Rfe1 Bxf3 21. Bxf3 Nf6 22. Qc5 Nd7 23. Qe7 Nf6 24. Qc5 Rd7 25. Qxb6 axb6 26. Re2 Rcd8 27. Red2 Nd5 28. Bxd5 Rxd5 29. Kg2 c5 30. Kf3 cxd4 31. Ke4 f5+ 32. Kf3 Kf7 33. g4 g6 34. h4 Kf6 35. g5+ hxg5 36. hxg5+ Ke7 37. Rd3 R8d7 38. Rh1 Kd8 39. Rh8+ Kc7 40. Rh6 Rg7 41. Ke2 Kd6 42. Rh8 Kc5 43. Rc8+ Kb5 44. Rc4 e5 45. fxe5 Re7 46. f4 Red7 47. e6 Re7 48. Rcxd4 Rxd4 49. Rxd4 Rxe6+ 50. Kd3 Kc5 51. Rc4+ Kb5 52. Rd4 Kc5 53. Rc4+ Kb5 54. Rd4 1/2-1/2

[Event "Cappelle Online Blitz op"]
[Site "Europe Echecs INT"]
[Date "2021.03.07"]
[Round "10"]
[White "Roche, Laurent"]
[Black "Hucault, Christophe"]
[Result "1-0"]
[WhiteElo "1766"]
[BlackElo "1612"]
[PlyCount "61"]
[EventDate "2021.03.07"]
[EventType "swiss (blitz)"]
[EventRounds "11"]
[EventCountry "FRA"]
[SourceTitle "CBM 201 Extra"]
[Source "ChessBase"]
[SourceDate "2021.05.31"]
[SourceVersion "1"]
[SourceVersionDate "2021.05.31"]
[SourceQuality "1"]

1. e4 c5 2. Nc3 e6 3. f4 Nc6 4. Nf3 g6 5. Bb5 Nge7 6. 0-0 Nd4 7. Nxd4 cxd4 8. Ne2 a6 9. Bd3 Bg7 10. e5 Nc6 11. Be4 Qb6 12. d3 Qc7 13. Bxc6 bxc6 14. Nxd4 c5 15. Ne2 Bb7 16. Ng3 Qc6 17. Qf3 Qb6 18. Qf2 d5 19. exd6 Qxd6 20. Be3 Rc8 21. c3 0-0 22. d4 cxd4 23. Bxd4 e5 24. fxe5 Bxe5 25. Rad1 Bxg3 26. hxg3 Qc6 27. Rd2 a5 28. Qf4 Ba6 29. Re1 Rce8 30. Rxe8 Qxe8 31. Qf6 1-0

[Event "C'Chartres Blitz op"]
[Site "Europe Echecs INT"]
[Date "2020.11.28"]
[Round "3"]
[White "Bellahcene, Meriem"]
[Black "Hucault, Christophe"]
[Result "1-0"]
[WhiteElo "1915"]
[BlackElo "1612"]
[PlyCount "51"]
[EventDate "2020.11.28"]
[EventType "swiss (blitz)"]
[EventRounds "11"]
[EventCountry "FRA"]
[SourceTitle "CBM 199 Extra"]
[Source "ChessBase"]
[SourceDate "2021.01.31"]
[SourceVersion "1"]
[SourceVersionDate "2021.01.31"]
[SourceQuality "1"]

1. e4 c5 2. Nc3 Nc6 3. d3 g6 4. g3 Bg7 5. Bg2 e6 6. f4 d6 7. Nf3 Nge7 8. 0-0 0-0 9. Be3 a6 10. Qd2 b6 11. Nd1 Bb7 12. c3 Qc7 13. Nf2 Rad8 14. d4 cxd4 15. cxd4 d5 16. e5 Nf5 17. Ng4 h5 18. Nf6+ Bxf6 19. exf6 Nxe3 20. Qxe3 Nb4 21. Rac1 Qd6 22. a3 Nc6 23. Ne5 Nxe5 24. fxe5 Qd7 25. Qh6 Qa4 26. Qg7# 1-0

[Event "C'Chartres Blitz op"]
[Site "Europe Echecs INT"]
[Date "2020.11.28"]
[Round "8"]
[White "Hucault, Christophe"]
[Black "Peschard, Olivier"]
[Result "1-0"]
[WhiteElo "1612"]
[BlackElo "1822"]
[PlyCount "91"]
[EventDate "2020.11.28"]
[EventType "swiss (blitz)"]
[EventRounds "11"]
[EventCountry "FRA"]
[SourceTitle "CBM 199 Extra"]
[Source "ChessBase"]
[SourceDate "2021.01.31"]
[SourceVersion "1"]
[SourceVersionDate "2021.01.31"]
[SourceQuality "1"]

1. d4 Nf6 2. Bf4 c5 3. c3 cxd4 4. cxd4 Nc6 5. Nf3 d6 6. e3 g6 7. Be2 Bg7 8. 0-0 0-0 9. Nbd2 e6 10. h3 Bd7 11. Rc1 Rc8 12. a3 Nh5 13. Bxd6 e5 14. Bxf8 Kxf8 15. d5 Ne7 16. Rxc8 Bxc8 17. Ng5 Nf6 18. e4 h6 19. Ngf3 Qb6 20. Nc4 Qd8 21. d6 Nc6 22. Bd3 Be6 23. Ncxe5 Qxd6 24. Nc4 Qc7 25. e5 Nd5 26. Re1 Nf4 27. Nd6 Kg8 28. Nb5 Qb6 29. a4 a6 30. Nd6 Nxe5 31. Nxe5 Qxd6 32. Nc4 Qc6 33. f3 Bxc4 34. Bxc4 Qxc4 35. Re8+ Kh7 36. Re4 Qc5+ 37. Kh2 Qc7 38. g3 Nh5 39. Qe1 Bxb2 40. Re7 Qc4 41. Re4 Qb3 42. Qe3 Bg7 43. Qxb3 b5 44. axb5 axb5 45. Qxb5 Nf6 46. Re7 1-0

[Event "Europe Echecs Blitz Nov op"]
[Site "Europe Echecs INT"]
[Date "2020.11.08"]
[Round "1"]
[White "Hucault, Christophe"]
[Black "Shirazi, Kamran"]
[Result "0-1"]
[WhiteElo "1612"]
[BlackElo "2355"]
[PlyCount "78"]
[EventDate "2020.11.08"]
[EventType "swiss (blitz)"]
[EventRounds "11"]
[EventCountry "FRA"]
[SourceTitle "CBM 199 Extra"]
[Source "ChessBase"]
[SourceDate "2021.01.31"]
[SourceVersion "1"]
[SourceVersionDate "2021.01.31"]
[SourceQuality "1"]

1. d4 d5 2. e4 dxe4 3. Nc3 Nf6 4. f3 Bf5 5. g4 Bg6 6. g5 Nd5 7. fxe4 Nxc3 8. bxc3 Bxe4 9. Nf3 e6 10. Bg2 Be7 11. h4 Nd7 12. 0-0 c5 13. Qe2 Bc6 14. Ne5 Bxg2 15. Qxg2 Nxe5 16. dxe5 Qc7 17. Qf3 0-0 18. c4 Rad8 19. Be3 Qxe5 20. Rab1 b6 21. Rbe1 Rd7 22. Bf4 Qd4+ 23. Be3 Qxc4 24. Rd1 Rxd1 25. Rxd1 Qxh4 26. Rd7 Bxg5 27. Bxg5 Qxg5+ 28. Kf2 Qh4+ 29. Ke2 Qc4+ 30. Kd1 Qxa2 31. Rd2 Qa1+ 32. Ke2 g6 33. Rd7 h5 34. Rd3 Kg7 35. Ra3 Qe5+ 36. Kf1 Qf5 37. Qxf5 exf5 38. Rxa7 Rd8 39. Ke2 Rd4 0-1

[Event "FRA-ch Blitz Online Qual"]
[Site "Europe Echecs INT"]
[Date "2020.05.16"]
[Round "10"]
[White "Hucault, Christophe"]
[Black "Rafalimanana, Hary"]
[Result "1-0"]
[WhiteElo "1612"]
[BlackElo "1238"]
[PlyCount "77"]
[EventDate "2020.05.16"]
[EventType "swiss (blitz)"]
[EventRounds "15"]
[EventCountry "FRA"]
[SourceTitle "CBM 196 Extra"]
[Source "ChessBase"]
[SourceDate "2020.07.31"]
[SourceVersion "1"]
[SourceVersionDate "2020.07.31"]
[SourceQuality "1"]

1. d4 Nf6 2. Bf4 d5 3. e3 Bf5 4. c4 Nc6 5. Qb3 Na5 6. Qa4+ c6 7. c5 b5 8. Qb4 Nb7 9. Nf3 Nh5 10. Bg5 Nf6 11. Ne5 Qc7 12. Be2 Nd7 13. f4 f6 14. Nxd7 Qxd7 15. Bh4 h6 16. 0-0 0-0-0 17. a4 a5 18. Qd2 b4 19. Ba6 g5 20. fxg5 hxg5 21. Bg3 Be4 22. Bd3 Bg7 23. Bxe4 dxe4 24. Qe2 e5 25. Rd1 Qe6 26. Nd2 exd4 27. Nxe4 Qxe4 28. Rd3 f5 29. Bd6 Nxd6 30. cxd6 Rxd6 31. Rad1 Rhd8 32. Qc2 dxe3 33. Rxd6 Rxd6 34. Rxd6 Kc7 35. Qxe4 fxe4 36. Rg6 e2 37. Kf2 Be5 38. Kxe2 Bf4 39. g3 1-0

[Event "Syre Memorial op 36th"]
[Site "Issy les Moulineaux"]
[Date "2013.05.12"]
[Round "6"]
[White "Hucault, Christophe"]
[Black "Bellardi, Michel"]
[Result "0-1"]
[WhiteElo "1606"]
[BlackElo "1992"]
[PlyCount "50"]
[EventDate "2013.05.08"]
[EventType "swiss"]
[EventRounds "7"]
[EventCountry "FRA"]
[SourceTitle "EXT 2015"]
[Source "ChessBase"]
[SourceDate "2014.11.20"]
[SourceVersion "1"]
[SourceVersionDate "2014.11.20"]
[SourceQuality "1"]

1. d4 d5 2. e4 dxe4 3. Nc3 Nf6 4. f3 exf3 5. Nxf3 e6 6. Bg5 h6 7. Bxf6 Qxf6 8. Bc4 Bd6 9. 0-0 0-0 10. Ne5 Qg5 11. Ne4 Qe3+ 12. Nf2 Bxe5 13. dxe5 Qxe5 14. Bd3 Nc6 15. Ng4 Qg5 16. Nf2 e5 17. Ne4 Qe7 18. Qh5 f5 19. Ng3 e4 20. Bc4+ Kh8 21. b3 Bd7 22. Ne2 Qg5 23. Qh3 Ne5 24. Nd4 Nxc4 25. bxc4 Rf7 0-1